|
|
|
|
| LEADER |
00000nab a2200000 a 4500 |
| 001 |
vtls008900829 |
| 003 |
SK-MaSNL |
| 005 |
20260426100359.0 |
| 008 |
250505c2005 xo mr|p|||||||000 b|slo |
| 015 |
|
|
|a SNBRB2006/12
|2 snkbucl
|
| 035 |
|
|
|a (uuid)cd55f08a-56e6-4e40-b31a-60ec34af8c87
|
| 035 |
|
|
|a urn:nbn:sk:snk-abyyg
|
| 035 |
|
|
|a (urnnbn)urn:nbn:sk:snk:ar-a06oxs
|
| 038 |
|
|
|a SNKBUCL
|
| 040 |
|
|
|a SNKBUCL
|b slo
|c SNKBUCL
|e AACR2
|
| 041 |
0 |
|
|a eng
|
| 044 |
|
|
|a xo
|c SK
|
| 080 |
|
|
|a 582.751.5
|x (438)
|2 1997
|
| 080 |
|
|
|a 581.5
|x (438)
|2 1997
|
| 080 |
|
|
|a 581.9
|x (438)
|2 1997
|
| 100 |
1 |
|
|a Chmura, Damian
|4 aut
|9 1454927
|
| 245 |
1 |
0 |
|a Distribution and degree of naturalization of Impatiens parviflora DC in the southern part of the Silesian-Kraków Upland (Poland)
|c Damian Chmura, Andrzej Urbisz
|
| 300 |
|
|
|b Obr., tab.
|
| 504 |
|
|
|a Bibliogr. odkazy
|
| 546 |
|
|
|a Res. angl.
|
| 650 |
0 |
7 |
|a netýkavka malokvetá
|2 snkbucl
|9 93710
|
| 650 |
0 |
7 |
|a lesné rastlinné spoločenstvá
|2 snkbucl
|9 67434
|
| 650 |
0 |
7 |
|a synantropizácia
|2 snkbucl
|9 1261499
|
| 651 |
|
7 |
|a Poľsko južné
|2 snkbucl
|9 93711
|
| 700 |
1 |
|
|a Urbisz, Andrzej
|4 aut
|9 1453643
|
| 773 |
0 |
|
|t Thaiszia. Journal of botany
|g Vol. 15, Suppl. 1 (2005), s. 101-113
|x 1210-0420
|
| 850 |
|
|
|a Slovenská národná knižnica
|
| 852 |
|
|
|a Slovenská národná knižnica
|
| 958 |
|
|
|a article27
|
| 958 |
|
|
|a NB
|
| 958 |
|
|
|a PL
|
| 958 |
|
|
|a OND
|
| 958 |
|
|
|a EUIPO
|
| 999 |
|
|
|c 3194321
|d 3196251
|